| 000 | 00573nam a22001697a 4500 | ||
|---|---|---|---|
| 999 |
_c13404 _d13404 |
||
| 008 | 190311b ||||| |||| 00| 0 eng d | ||
| 082 |
_22012 _aAV-Eb 657.45 _bAs69 |
||
| 245 |
_aASQ auditing handbook / _cedited by J.P. Russell. |
||
| 250 | _aFourth Edition | ||
| 260 |
_bASQ Quality Press, _c©2012. |
||
| 300 | _a399 pages; | ||
| 500 | _aIncludes index. | ||
| 650 |
_aAuditing -- Handbooks, manuals, etc. _937480 |
||
| 700 |
_aRussell, J.P. _937481 |
||
| 856 | _yhttps://ebookcentral.proquest.com/lib/uniofmindanao-ebooks/detail.action?docID=3002630 | ||
| 942 |
_2ddc _cEB |
||